000 00480 a2200169 4500
003 OSt
005 20231109115238.0
008 231109b |||||||| |||| 00| 0 eng d
020 _a9788194760306
040 _coclc
082 _a954.83
_bPIL/C
100 _aPillai, Barrister A K
_93266
245 _aCongressum Keralavum /
_cBarrister A K Pillai
260 _aKerala:
_bGrace,
_c2021.
300 _a133p
942 _2ddc
_cBK
_h954.83
_iPIL/C
_k954.83
_mPIL/C
999 _c42988
_d42988